Missing Word: 'E' Music Artists Quiz Stats

 Plays Quiz Updated Feb 4, 2016

Challenge
Share
Tweet
Embed
Score 0/20 Timer 03:00
1 Play Today
Hint Answer % Correct
EaglesCalifornia
97.6%
Electric Light OrchestraOut
94.4%
EaglesTown
91.1%
EaglesThese
86.7%
Earth, Wind & FireLife
81.9%
EaglesEyes
75.7%
Earth, Wind & FireHas
71.7%
Electric Light OrchestraBring
70.2%
Gloria EstefanBeat
67%
Earth, Wind & FireStar
64.4%
Hint Answer % Correct
Earth, Wind & FireSing
62.3%
Gloria EstefanWanna
55%
EaglesBest
54.2%
Electric Light OrchestraEvil
47.4%
Electric Light OrchestraLittle
43%
Electric Light OrchestraLine
41.3%
Gloria EstefanWhat
37.2%
Gloria EstefanLoving
34.5%
Gloria EstefanComing
29.2%
Earth, Wind & FireGroove
22.6%

Today's Daily Dose

You're not logged in!

Compare scores with friends on all Sporcle quizzes.
Join for Free
OR
Log In

You Might Also Like...

Show Comments

Extras

Top Quizzes Today


Score Distribution

Your Account Isn't Verified!

In order to create a playlist on Sporcle, you need to verify the email address you used during registration. Go to your Sporcle Settings to finish the process.

Report this User

Report this user for behavior that violates our Community Guidelines.

Details: